Score 0/23 Timer 04:00
1 Play Today
Scrambled Movie Unscrambled Movie % Correct
A USGB FLIEA BUG'[S] LIFE
97.1%
DGOO ILWL UITGNHNGOOD WILL [H]UNTING
96.3%
ERMAICAN EIP[A]MERICAN PIE
93.6%
EDAD NMA ANIWLKG[D]EAD MAN WALKING
92.1%
ULPP NTFCIOIPULP FIC[T]ION
91.4%
TCNSE FO A ANOWMSCENT OF A WO[M]AN
90.8%
RROSFET PUMGFOR[R]EST GUMP
90.7%
HURS ROHURUSH H[O]UR
88.5%
AEKSASPEREH NI OLVESHA[K]ESPEARE IN LOVE
86.3%
RAI CROFE NEOA[I]R FORCE ONE
85.5%
ETH CRPIEN OF EDITSTHE PRINCE OF [T]IDES
76.8%
OJE SUESRV HET NLOOVCAJOE VER[S]US THE VOLCANO
68.2%
Scrambled Movie Unscrambled Movie % Correct
HLCAPINCHAPLI[N]
64.5%
ISX RSEEEGD FO RASPTEIANOSIX DEGREES OF SE[P]ARATION
64.2%
OIBGEO SHGNTIBOOGI[E] NIGHTS
64.2%
TAONPSCAHOPOCA[H]ONTAS
52.4%
PESELESRSLE[E]PERS
33.3%
Bonus Movie spelled out in [ ]THE SHAWSHANK REDEMPTION
31.7%
NESAANIKGWA[W]AKENINGS
29.8%
PRECSAC[A]SPER
26.6%
EIDNON RSOCBADON[N]IE BRASCO
25.5%
ORDNSERUROUND[E]RS
18.8%
EHT EBAIGDRCT[H]E BIRDCAGE
17.7%
Remove Ads.
Support Sporcle.
Get the best of Sporcle when you Go Orange. This ad-free experience offers more features, more stats, and more fun while also helping to support Sporcle. Thank you for becoming a member.

You're not logged in!

Compare scores with friends on all Sporcle quizzes.
OR
Log In

Show Comments

Extras

Top Quizzes Today


Score Distribution

Your Account Isn't Verified!

In order to create a playlist on Sporcle, you need to verify the email address you used during registration. Go to your Sporcle Settings to finish the process.

Report this User

Report this user for behavior that violates our Community Guidelines.

Details: